| 000 | 02816nam0a2200529 4500 | ||
|---|---|---|---|
| 001 | RU\NLR\BIBL_A\022136174 | ||
| 005 | 20260420001656.0 | ||
| 021 |
_aRU _bКН-П-23-080879 _9КН-П-23-8208 |
||
| 029 | 1 | 0 |
_aRU _b70807-2023 _cГОСТ Р |
| 035 | _a(NLR Aleph) 022136174 | ||
| 035 | _a(RuMoRGB)012378257 | ||
| 090 |
_a13658723 _c13658723 |
||
| 100 | _a20240213d2023 k y0rusy50 ca | ||
| 101 | 0 | _arus | |
| 102 | _aRU | ||
| 105 | _ay l 000|y | ||
| 181 | 1 |
_ai _b e |
|
| 182 | 1 | _an | |
| 200 | 1 |
_aСистемы автоматизированного проектирования _iИнформационное обеспечение _iПорядок разработки моделей SPICE _iОписание модели _dElectronics automated design systems. Information support. Procedure for development of SPICE models. Model description _zeng _eГОСТ Р 70807-2023 _fРазработан Центральным конструкторским бюро "Дейтон" (АО "ЦКБ "Дейтон") |
|
| 203 |
_aТекст _bвизуальный _cнепосредственный |
||
| 205 | _aИзд. офиц. | ||
| 210 |
_aМосква _cРоссийский институт стандартизации _d2023 |
||
| 215 |
_aII, 7 с. _d29 |
||
| 225 | 1 |
_aНациональный стандарт Российской Федерации _fФедеральное агентство по техническому регулированию и метрологии |
|
| 239 | _aВвед. 01.08.2023 | ||
| 510 | 1 |
_aElectronics automated design systems _zeng |
|
| 510 | 1 |
_aInformation support _zeng |
|
| 510 | 1 |
_aProcedure for development of SPICE models _zeng |
|
| 510 | 1 |
_aModel description _zeng |
|
| 517 | 1 | _aГОСТ Р 70807-2023 | |
| 606 | 1 |
_aSPICE, пакет прикладных программ _jСтандарты _92568882 _3RU\NLR\AUTH\6601730850 |
|
| 606 | 1 |
_aРадиоэлектронная аппаратура _jСтандарты _xМатематическое моделирование _92154077 _3RU\NLR\AUTH\661601689 |
|
| 610 | 0 | _aмодель | |
| 610 | 0 | _aSPICE | |
| 610 | 0 | _aСАПР | |
| 610 | 0 | _aмоделирование | |
| 610 | 0 | _aрадиоэлектронная аппаратура | |
| 675 | _a621.865:8:007.52:006.354 | ||
| 686 |
_a31.020 _v2000 _2ОКС |
||
| 686 | 1 | _aЗ844-02-5-05я861 | |
| 712 | 0 | 1 |
_4725 _aРоссийская Федерация _bФедеральное агентство по техническому регулированию и метрологии _9630205 _3RU\NLR\AUTH\8810064304 |
| 712 | 0 | 2 |
_4900 _a"Дейтон", центральное КБ _cМосква _9566249 _3RU\NLR\AUTH\8810033891 |
| 942 | _cBOOK | ||
| 980 | _aNB | ||